Código de minería (Registro nro. 6396)

Detalles MARC
000 -LEADER
fixed length control field 01440 a2200217 4500
001 - CONTROL NUMBER
control field 58028
005 - DATE AND TIME OF LATEST TRANSACTION
control field 20260407155840.0
008 - FIXED-LENGTH DATA ELEMENTS--GENERAL INFORMATION
fixed length control field 260407a1964 arg spa d
003 - CONTROL NUMBER IDENTIFIER
control field AR-UNSa-BCEJYS
040 ## - CATALOGING SOURCE
Original cataloging agency AR-UNSa-BCEJYS
Language of cataloging spa
Transcribing agency AR-UNSa-BCEJYS
080 ## - UNIVERSAL DECIMAL CLASSIFICATION NUMBER
Universal Decimal Classification number 347.249(094.4)
Common auxiliary subdivision Código de Minería
041 ## - LANGUAGE CODE
Language code of text/sound track or separate title spa
100 1# - MAIN ENTRY--PERSONAL NAME
Personal name Pigretti, Eduardo A.
245 10 - TITLE STATEMENT
Title Código de minería
Name of part/section of a work Legislación de Hidrocarburos
264 #1 - PRODUCTION, PUBLICATION, DISTRIBUTION, MANUFACTURE, AND COPYRIGHT NOTICE
Place of production, publication, distribution, manufacture Buenos Aires :
Name of producer, publisher, distributor, manufacturer Abeledo Perrot
Date of production, publication, distribution, manufacture, or copyright notice 1964
300 ## - PHYSICAL DESCRIPTION
Extent 450 p.
Dimensions 23 cm.
505 ## - FORMATTED CONTENTS NOTE
Formatted contents note 1. De las minas y su dominio - 2. De las personas que pueden adquirir minas - 3. De las relaciones entre el propietario y el minero - 4. Disposiciones especiales sobre las sustancias de la segunda categoría - 5. Disposiciones concernientes a las sustancias de la tercera categoría - 6. De la adquisición de las minas - 7. De las pertenencias y su demarcación - 8. De los efectos de la constitución de las pertenencias - 9. De las condiciones de la concesión - 10. De los avíos de minas - 11. De las minas en compañia - 12. De la sociedad conyugal - 13. De la enajenación y venta de las minas - 14. De la prescripción de las minas - 15. Del arrendamiento de las minas - 16. Del derecho de usufructo - 17. Del régimen legal de las minas de petróleo e hidrocarburos fluidos - 18. Disposiciones transitorias
590 ## - LOCAL NOTE (RLIN)
Local note niveau_biblio:m niveau_hierar:0
700 1# - ADDED ENTRY--PERSONAL NAME
Personal name Argentina [Código de Minería]
942 ## - ADDED ENTRY ELEMENTS (KOHA)
Koha item type
Existencias
Withdrawn status Lost status Damaged status Not for loan Home library Current library Shelving location Date acquired Total checkouts Full call number Barcode Date last seen Price effective from Koha item type
        Biblioteca Prof. Eusebio Cleto del Rey Biblioteca Prof. Eusebio Cleto del Rey   07/04/2026   347.249(094.4) P628 L87200 07/04/2026 07/04/2026 Libro